000 00680nam a2200205Ia 4500
003 LDD
008 181029s9999 xx 000 0 und d
020 _a9789812704689
_cUS
_68.00
040 _cLDD
100 _aTongren, Ding
245 0 _aApproaches to the qualitative theory of ordinary differential equations
_bdynamic
_cDing Tongren
260 _aNew Jersey
_bWorld Scientific publishing
_c2007
300 _aix, 383p.
365 _bUS
_68.00
440 _aPeking university series in mathematics- vol. 3
901 _a4090
_b09-01-2008
902 _aINV-4659
_b19-02-2008
_cF
_dASIAN
_e51
903 _aDiscount-15
_bReqst by : S. Venkataraman
942 _2ddc
_cBK
999 _c81053
_d81053